000 00758nam a22002417a 4500
001 79469
003 UA-OsUOA
005 20201201201825.0
007 ta
008 20111109b un ||||| |||| 00| 0 ukr d
040 _aUA-OsUOA
_bukr
_cUA-OsUOA
_dUA-OsUOA
041 _aukr
080 _a821.161.2
090 _a821.161.2
_bР49
100 _aРибак Н.
245 _aЧас сподівань і звершень
_bроман у двох книгах
_nкн. 1
_pСкриня Пандори
260 _aК.
_bДніпро
_c1977
300 _a615 с.
650 7 _a82 Література. Літературознавство
_2UDC
942 _cBK
_2udc
955 _a3
999 _c365800
_d365800